| 000 | 01723nam a2200217Ia 4500 | ||
|---|---|---|---|
| 999 |
_c32618 _d32618 |
||
| 003 | OSt | ||
| 005 | 20210601133900.0 | ||
| 008 | 160316s2013 xxu||||| |||| 00| 0 eng d | ||
| 020 | _a9781138809680 | ||
| 040 | _cn | ||
| 082 |
_a344.046000 _bKIN |
||
| 100 | _aKingston Suzanne | ||
| 245 | _aEuropean perspectives on environmental law and governance | ||
| 260 |
_aLondon _bRoutledge _c2013 |
||
| 300 |
_a245p _cxi |
||
| 365 | _b Rs. 7,456 | ||
| 505 | _aTable of contents 1. Introduction, Suzanne Kingston; Part 1: The Climate Change Challenge; 2. Linking Planetary Boundaries and Overconsumption by Individuals: a New Frontier for (EU Climate) Law?, Javier de Cendra de Larragan; 3. The Challenge of Climate Change: International Law Perspectives, Alan Boyle; Part 2: The Integration Challenge; 4. Giving a Voice to the Environment by Challenging the Practice of Integrating Environmental Requirements into other EU Policies, Ludwig Kramer; 5. The CAP in 2020: Vision or Hindsight?, Joe McMahon; 6. The Integration Challenge: Integrating Environmental Concerns into Other EU Policies, Owen McIntyre; Part 3: The Enforcement Challenge; 7. Mind the Gap: Difficulties in Enforcement and the Continuing Unfulfilled Promise of EU Environmental Law, Suzanne Kingston; 8. Commission Enforcement of EU Environmental Legislation in Ireland- a 20 Year Retrospective, Liam Cashman; 9. Delivering the Rule of Environmental Law in Ireland: Where Do We go From Here?, Aine Ryall; 10. Environmental Enforcement in Ireland - the Need to get a Piece of the Multi-Party Action, Joanne Blennerhassett | ||
| 650 | _a1. Environmental Law - European Union Countries2. Environmental Policy | ||
| 700 |
_a _a |
||
| 942 |
_2ddc _cBK |
||